[Event "Challenge"]
[Site "http://www.queenalice.com/game.php?id=1156150"]
[Date "2013.2.28"]
[Round "-"]
[White "pokemon"]
[Black "pippoaldu"]
[Result "0-1"]
[WhiteElo "1800"]
[BlackElo "1929"]

1. d4 Nf6 2. e3 g6 3. Bd3 Bg7 4. c3 O-O 5. Nd2 d6 6. Ngf3 Nbd7 7. O-O e5 8. Re1
Re8 9. Qb3 e4 10. Ng5 d5 11. Bc2 Nb6 12. f3 h6 13. Nxf7 Kxf7 14. fxe4 Be6 15. e5
Ne4 16. Nxe4 dxe4 17. Qa3 Kg8 18. Bxe4 Qh4 0-1

[Event "AUTO-OPEN-3300"]
[Site "http://www.queenalice.com/game.php?id=1298508"]
[Date "2014.8.1"]
[Round "1"]
[White "AAABBB"]
[Black "pippoaldu"]
[Result "1-0"]
[WhiteElo "2509"]
[BlackElo "1918"]

1. e4 d6 2. d4 Nf6 3. Nc3 g6 4. Nf3 Bg7 5. Be2 O-O 6. O-O Bg4 7. h3 Bxf3 8. Bxf3
Nc6 9. Ne2 e5 10. d5 Ne7 11. Bg5 h6 12. Be3 Nd7 13. c4 f5 14. Nc3 a6 15. Qd3 Qe8
16. a4 fxe4 17. Nxe4 Nf5 18. a5 Nxe3 19. fxe3 Nf6 20. c5 Qe7 21. b4 h5 22. Rac1
Nxe4 23. Bxe4 Bh6 24. Rf3 Rxf3 25. Bxf3 Kg7 26. c6 Rb8 27. cxb7 Rxb7 28. Rc4 Qf7
29. h4 g5 30. Qc3 g4 31. Be4 Qe7 32. Bf5 Qd8 33. g3 Kf6 34. Be6 Kg7 35. Kg2 Kh8
36. Qc2 Qf8 37. Qf2 1-0

[Event "AUTO-OPEN-3300"]
[Site "http://www.queenalice.com/game.php?id=1298509"]
[Date "2014.8.1"]
[Round "1"]
[White "pippoaldu"]
[Black "AAABBB"]
[Result "1/2-1/2"]
[WhiteElo "1918"]
[BlackElo "2542"]

1. d4 d5 2. c4 c6 3. Nf3 Nf6 4. Nc3 dxc4 5. a4 Bf5 6. Ne5 Nbd7 7. Nxc4 Qc7 8. g3
e5 9. dxe5 Nxe5 10. Bf4 Nfd7 11. Bg2 f6 12. O-O Nc5 13. Ne3 Bg6 14. b4 Ne6 15.
b5 Rd8 16. Qb3 Nd4 17. Qb2 Bc5 18. Rac1 O-O 19. Rfd1 Ne6 20. bxc6 bxc6 21. Ne4
Bd4 22. Qa3 Kh8 23. Nc2 Bb6 24. Be3 Bh5 25. Bxb6 axb6 26. Nc3 Rfe8 27. Ne3 Qa7
28. Rxd8 Rxd8 29. Rd1 Rxd1+ 30. Nexd1 Qd7 31. Qb3 Nd4 32. Qxb6 Nxe2+ 33. Kf1 g5
34. Qc5 Kg7 35. Ne3 Qd3 36. Nxe2 Bxe2+ 37. Kg1 Bf3 38. Bf1 Qb1 39. Qe7+ 1/2-1/2

[Event "AUTO-OPEN-3300"]
[Site "http://www.queenalice.com/game.php?id=1298538"]
[Date "2014.8.1"]
[Round "1"]
[White "pippoaldu"]
[Black "Huevo"]
[Result "1-0"]
[WhiteElo "1865"]
[BlackElo "1802"]

1. d4 Nf6 2. c4 e6 3. Nc3 Bb4 4. f3 d6 5. e4 O-O 6. Bd3 Nc6 7. Ne2 Bd7 8. Be3
Nh5 9. O-O Bxc3 10. Nxc3 Qe7 11. f4 Nf6 12. e5 Ne8 13. Rf3 f6 14. d5 Nb4 15. Be2
exd5 16. Nxd5 Nxd5 17. Qxd5+ Be6 18. Qxb7 Rd8 19. f5 Bc8 20. Qd5+ Kh8 21. e6 c5
22. Rh3 Bb7 23. Qd1 Rb8 24. Bd3 Qc7 25. Qh5 h6 26. Bxh6 Kg8 27. Bf4 Bc6 28. Qh7#
1-0

[Event "AUTO-OPEN-3300"]
[Site "http://www.queenalice.com/game.php?id=1298539"]
[Date "2014.8.1"]
[Round "1"]
[White "Huevo"]
[Black "pippoaldu"]
[Result "0-1"]
[WhiteElo "1878"]
[BlackElo "1891"]

1. e4 d6 2. d4 Nf6 3. Nc3 g6 4. f4 Bg7 5. Nf3 O-O 6. Bd3 Nc6 7. O-O Bg4 8. a3
Nxd4 9. Be2 Nxe2+ 10. Qxe2 c6 11. Be3 b5 12. h3 Be6 13. b3 a5 14. Rac1 a4 15. b4
Bc4 16. Qf2 Bxf1 17. Qxf1 Nd7 18. Ne2 Bb2 19. Rd1 Bxa3 20. c3 Bb2 21. Bd4 a3 22.
c4 Bxd4+ 23. Nexd4 bxc4 24. Qxc4 a2 25. Ra1 Qb6 26. Qxc6 Qxb4 27. Nc2 Qb2 28.
Nfe1 Nc5 29. Qd5 Nb3 30. Qb7 Rfb8 31. Qxe7 Nxa1 32. Nxa1 Qxa1 33. Kf2 Qxe1+ 34.
Kxe1 Rb2 35. Qxd6 a1=Q+ 36. Qd1 Qxd1+ 37. Kxd1 Ra1# 0-1

[Event "AUTO-OPEN-3300"]
[Site "http://www.queenalice.com/game.php?id=1298540"]
[Date "2014.8.1"]
[Round "1"]
[White "pippoaldu"]
[Black "MarTraM"]
[Result "1/2-1/2"]
[WhiteElo "1918"]
[BlackElo "2432"]

1. d4 e6 2. c4 Bb4+ 3. Bd2 Qe7 4. Nf3 Nf6 5. g3 O-O 6. Bg2 Bxd2+ 7. Qxd2 d6 8.
Nc3 e5 9. O-O Bg4 10. dxe5 dxe5 11. Nd5 Nxd5 12. cxd5 Nd7 13. e4 Nf6 14. Qe3 c6
15. dxc6 bxc6 16. Rac1 Rfc8 17. Rc3 Rab8 18. b3 Rb4 19. Nd2 Rd4 20. Nc4 c5 21.
Rfc1 Bd7 22. Qe1 Bb5 23. Ne3 g6 24. Bh3 Rc7 25. f3 Qd6 26. Bf1 Bxf1 27. Qxf1 Rc8
28. Nc4 Qe7 29. Qe2 Rcd8 30. R1c2 1/2-1/2

[Event "AUTO-OPEN-3300"]
[Site "http://www.queenalice.com/game.php?id=1298541"]
[Date "2014.8.1"]
[Round "1"]
[White "MarTraM"]
[Black "pippoaldu"]
[Result "1-0"]
[WhiteElo "2433"]
[BlackElo "1918"]

1. d4 Nf6 2. c4 d6 3. Nc3 e5 4. e3 Nbd7 5. Bd3 g6 6. Nf3 Bg7 7. O-O O-O 8. Qc2
c6 9. b3 Ne8 10. Re1 f5 11. Be2 Nef6 12. dxe5 dxe5 13. Ba3 Re8 14. Bd6 e4 15.
Nd4 Nf8 16. c5 Ne6 17. Bc4 Kh8 18. Nce2 Nxd4 19. Nxd4 Ng4 20. Rad1 Qf6 21. b4
Ne5 22. Be2 Bf8 23. b5 Bxd6 24. cxd6 Bd7 25. bxc6 Bxc6 26. Nxc6 Nxc6 27. Qb3
Rad8 28. Qxb7 1-0

[Event "AUTO-OPEN-3361"]
[Site "http://www.queenalice.com/game.php?id=1316380"]
[Date "2014.10.18"]
[Round "1"]
[White "Maniusiek"]
[Black "pippoaldu"]
[Result "1/2-1/2"]
[WhiteElo "1286"]
[BlackElo "1947"]

1. e4 d6 2. d4 Nf6 3. Nc3 c6 4. f4 g6 5. Nf3 Bg7 6. Bd3 O-O 7. Be3 b5 8. Qd2
Nbd7 9. e5 b4 10. Ne4 Nd5 11. h4 Nxe3 12. Qxe3 dxe5 13. fxe5 c5 14. h5 cxd4 15.
Qd2 Qc7 16. e6 Ne5 17. Nxe5 Qxe5 18. exf7+ Rxf7 19. O-O-O Rb8 20. h6 Bf8 21. Ng5
Rf6 22. Bc4+ e6 23. Kb1 Qf4 24. Qxf4 Rxf4 25. g3 Rg4 26. Nxe6 d3 27. Bb3 Rxg3
28. Nd8+ Kh8 29. Nf7+ Kg8 30. Ng5+ Kh8 31. Nf7+ 1/2-1/2

[Event "AUTO-OPEN-3361"]
[Site "http://www.queenalice.com/game.php?id=1316381"]
[Date "2014.10.18"]
[Round "1"]
[White "pippoaldu"]
[Black "Maniusiek"]
[Result "1/2-1/2"]
[WhiteElo "1947"]
[BlackElo "1286"]

1. d4 d5 2. c4 c6 3. Nf3 Nf6 4. Nc3 dxc4 5. a4 Bf5 6. Ne5 Nbd7 7. Nxc4 Qc7 8. g3
e5 9. dxe5 Nxe5 10. Bf4 Rd8 11. Qc1 Bd6 12. Nxd6+ Qxd6 13. Bg2 O-O 14. O-O a5
15. Rd1 Qe7 16. h3 Rxd1+ 17. Qxd1 Rd8 18. Qb3 Nc4 19. Rd1 Rxd1+ 20. Nxd1 Be6 21.
Ne3 Nxe3 22. Qxe3 h6 23. Qd2 Bd5 24. Qxa5 Qxe2 25. Qa8+ Kh7 26. Bxd5 Qe1+ 27.
Kg2 Nxd5 28. Qxb7 Qe4+ 1/2-1/2

[Event "AUTO-OPEN-3361"]
[Site "http://www.queenalice.com/game.php?id=1316402"]
[Date "2014.10.18"]
[Round "1"]
[White "mouderjr"]
[Black "pippoaldu"]
[Result "0-1"]
[WhiteElo "1828"]
[BlackElo "1934"]

1. e4 d6 2. d4 Nf6 3. Nc3 c6 4. Be2 Nbd7 5. Nf3 e5 6. dxe5 dxe5 7. Bg5 Qc7 8.
Bc4 Be7 9. Bxf6 Nxf6 10. a3 O-O 11. Qe2 b5 12. Ba2 a5 13. O-O Ba6 14. Qe1 b4 15.
Ne2 Nxe4 16. c4 bxc3 17. bxc3 Rfd8 18. c4 Bxa3 19. Nc3 Nxc3 20. Qxc3 Bb4 21. Qb3
e4 22. Ng5 Qe7 23. Qg3 h6 24. Nh3 Rd3 25. Qf4 Bd6 26. Qg4 Bc8 27. Qh5 g6 28.
Qxh6 Bxh3 29. gxh3 Qe5 30. f4 exf3 31. Rf2 Qxa1+ 0-1

[Event "AUTO-OPEN-3361"]
[Site "http://www.queenalice.com/game.php?id=1316403"]
[Date "2014.10.18"]
[Round "1"]
[White "pippoaldu"]
[Black "mouderjr"]
[Result "1-0"]
[WhiteElo "1918"]
[BlackElo "1850"]

1. d4 e6 2. c4 b6 3. Nc3 d5 4. Nf3 h6 5. cxd5 exd5 6. Bf4 Nf6 7. e3 Be7 8. Bb5+
Bd7 9. O-O c6 10. Bd3 Qc8 11. Rc1 Na6 12. Qe2 Nb4 13. Bb1 Bf5 14. Bxf5 Qb7 15.
a3 Na6 16. e4 Nh5 17. Bg3 O-O 18. exd5 cxd5 19. Bd3 Nb8 20. Rfe1 Re8 21. Nxd5
Nc6 22. Rxc6 1-0

[Event "AUTO-ADV-3401"]
[Site "http://www.queenalice.com/game.php?id=1356077"]
[Date "2015.4.27"]
[Round "1"]
[White "Paked"]
[Black "pippoaldu"]
[Result "0-1"]
[WhiteElo "2039"]
[BlackElo "1973"]

1. e4 e6 2. d4 d5 3. e5 c5 4. c3 Nc6 5. Nf3 Bd7 6. Be2 Nge7 7. O-O Ng6 8. Na3
Be7 9. Nb5 O-O 10. Be3 a6 11. Nd6 cxd4 12. cxd4 Qb8 13. Bg5 f6 14. Bh4 Nxh4 15.
Nxh4 fxe5 16. dxe5 Bxh4 17. g3 Be7 18. Nc4 b5 19. Ne3 Qxe5 20. b3 Nd4 21. Bg4
Qe4 22. Ng2 Bf6 23. Re1 Qc2 24. Nf4 Qxd1 25. Raxd1 Rae8 26. h4 Re7 27. Nh5 e5
28. Nxf6+ gxf6 29. Rxd4 exd4 0-1

[Event "AUTO-ADV-3401"]
[Site "http://www.queenalice.com/game.php?id=1356078"]
[Date "2015.4.27"]
[Round "1"]
[White "pippoaldu"]
[Black "Paked"]
[Result "1-0"]
[WhiteElo "1947"]
[BlackElo "1971"]

1. d4 d5 2. c4 e6 3. Nc3 Nf6 4. Nf3 Bb4 5. e3 Ne4 6. Qc2 c5 7. Bd3 f5 8. O-O
Bxc3 9. bxc3 O-O 10. cxd5 exd5 11. c4 dxc4 12. Bxc4+ Kh8 13. Rd1 cxd4 14. Nxd4
Qb6 15. Ba3 Nc5 16. Rab1 Qa5 17. Qb2 a6 18. Nb3 Nxb3 19. Bxf8 1-0

[Event "AUTO-ADV-3401"]
[Site "http://www.queenalice.com/game.php?id=1356089"]
[Date "2015.4.27"]
[Round "1"]
[White "Scharlatan"]
[Black "pippoaldu"]
[Result "0-1"]
[WhiteElo "1781"]
[BlackElo "1964"]

1. d4 Nf6 2. c4 g6 3. Nc3 Bg7 4. e4 d6 5. Be2 O-O 6. Bg5 Na6 7. f4 c6 8. Qd2 Nc7
9. Bf3 Ne6 10. Bh4 c5 11. dxc5 Nxc5 12. b4 Ncxe4 13. Nxe4 Nxe4 14. Bxe4 Bxa1 15.
Nf3 Bg7 16. O-O Be6 17. Bxb7 Qb6+ 0-1

[Event "AUTO-ADV-3401"]
[Site "http://www.queenalice.com/game.php?id=1356090"]
[Date "2015.4.27"]
[Round "1"]
[White "pippoaldu"]
[Black "Scharlatan"]
[Result "1-0"]
[WhiteElo "1992"]
[BlackElo "1964"]

1. d4 d5 2. c4 e6 3. Nc3 Nf6 4. Nf3 Be7 5. Bg5 h6 6. Bh4 O-O 7. e3 Ne4 8. Bxe7
Qxe7 9. Qc2 Nxc3 10. Qxc3 b6 11. Bd3 dxc4 12. Qxc4 Bb7 13. Rc1 Rc8 14. O-O Nd7
15. Rfd1 c5 16. Be2 Bd5 17. Qa4 Bc6 18. Qa3 Qf8 19. dxc5 Nxc5 20. b4 Ne4 21. Ba6
Rd8 22. Rxd8 Rxd8 23. Rxc6 Rd1+ 24. Bf1 Qd8 25. Rc1 1-0

[Event "AUTO-ADV-3401"]
[Site "http://www.queenalice.com/game.php?id=1356097"]
[Date "2015.4.27"]
[Round "1"]
[White "pippoaldu"]
[Black "Maniusiek"]
[Result "0-1"]
[WhiteElo "2007"]
[BlackElo "2527"]

1. d4 d5 2. c4 c6 3. Nf3 Nf6 4. Nc3 dxc4 5. a4 Bf5 6. e3 e6 7. Bxc4 Bb4 8. O-O
O-O 9. Qe2 Nbd7 10. e4 Bg6 11. Bd3 Bh5 12. Bf4 Qe7 13. e5 Nd5 14. Bd2 a5 15. h3
N7b6 16. Rfd1 f5 17. Nxd5 Nxd5 18. Bc4 Rad8 19. Be3 Rd7 20. Rd3 h6 21. Rad1 g5
22. Bc1 Kh8 23. g3 f4 24. g4 Bg6 25. Rb3 Bb1 26. Bxd5 Rxd5 27. Bd2 Ba2 28. Rxb4
axb4 29. Ra1 Qh7 30. Bxb4 Rg8 31. Qd1 Bc4 32. Rc1 Bd3 33. Bc5 Rd7 34. Rc3 Be4
35. Nh2 Bd5 36. b4 Kg7 37. a5 Rh8 38. Qf1 h5 39. b5 cxb5 40. Qxb5 Bc6 41. Qf1
Rf7 42. a6 bxa6 43. Bf8+ Rhxf8 44. Rxc6 Rb8 45. Rc1 hxg4 46. Nxg4 Qe4 47. Qxa6
Qf3 48. Qf1 Rh8 49. Qg2 Qxh3 50. Qxh3 Rxh3 51. Kg2 Rd3 52. Rc6 Re7 53. Rd6 Kg6
0-1

[Event "AUTO-ADV-3401"]
[Site "http://www.queenalice.com/game.php?id=1356098"]
[Date "2015.4.27"]
[Round "1"]
[White "Maniusiek"]
[Black "pippoaldu"]
[Result "1-0"]
[WhiteElo "2577"]
[BlackElo "2001"]

1. e4 e6 2. d3 d5 3. Nd2 c5 4. Ngf3 Nc6 5. g3 Bd6 6. Bg2 Nge7 7. O-O O-O 8. Nh4
Bc7 9. f4 f6 10. c3 b6 11. Re1 Ba6 12. Bh3 Bc8 13. Qe2 e5 14. Bxc8 Rxc8 15. f5
b5 16. Ndf3 Bb6 17. Be3 c4 18. dxc4 bxc4 19. Ng2 Qc7 20. exd5 Na5 21. Bxb6 Qxb6+
22. Qf2 Nxd5 23. Rad1 Rc5 24. Re2 Nc6 25. Nd2 Nce7 26. Nf1 Qc6 27. Nge3 a5 28.
Red2 a4 29. Qf3 Nxe3 30. Qxc6 Nxc6 31. Nxe3 e4 32. Rd5 Rxd5 33. Rxd5 Ne5 34. Rc5
Rb8 35. Nxc4 Nd3 36. Ra5 Re8 37. Ne3 Nxb2 38. Kf2 Rd8 39. Ke2 Rd3 40. Rb5 a3 41.
Rb4 Rxc3 42. Rxe4 Rc1 43. Re8+ 1-0

[Event "Challenge"]
[Site "http://www.queenalice.com/game.php?id=1369721"]
[Date "2015.7.4"]
[Round "-"]
[White "masam2014"]
[Black "pippoaldu"]
[Result "1-0"]
[WhiteElo "1807"]
[BlackElo "1999"]

1. d4 Nf6 2. Bg5 d5 3. Bxf6 exf6 4. a3 Be6 5. g3 Bd6 6. Bg2 c6 7. Nf3 O-O 8. O-O
Nd7 9. Nc3 Qc7 10. Re1 f5 11. e3 Nf6 12. Na2 1-0

[Event "Challenge"]
[Site "http://www.queenalice.com/game.php?id=1369722"]
[Date "2015.7.4"]
[Round "-"]
[White "pippoaldu"]
[Black "masam2014"]
[Result "0-1"]
[WhiteElo "1975"]
[BlackElo "1920"]

1. c4 e5 2. g3 g6 3. Bg2 Bg7 4. Nc3 c6 5. d3 Nf6 6. Nf3 O-O 7. Nxe5 d6 8. Nf3
Re8 9. O-O d5 10. cxd5 Nxd5 11. Bd2 Bxc3 12. bxc3 Bg4 0-1